000 00527nam a2200181Ia 4500
001 33232
003 IN-NITTTR
005 20251114233437.0
008 251113s9999||||xx |||||||||||||| ||eng||
040 _beng
040 _cIN-NITTTR
041 _aeng
082 _aTA345
100 _awen, jer
245 0 _aComputer Science And Artificial Intelligence - Proceedings Of The International Conference On Computer Science And Artificial Intelligence (Csai2016) /
_cwen, jer, Chang.
700 _a Chang.,
942 _2ddc
_cBK
999 _c35683
_d35683